| 000 | 00522nam a2200145Ia 4500 | ||
|---|---|---|---|
| 008 | 170224s9999 xx 000 0 und d | ||
| 100 | _aChristopher Humphrey | ||
| 245 | _aRe-theorizing the configuration of organizational fields: the IIRC and the pursuit of ‘Enlightened’ corporate reporting | ||
| 245 | _cChristopher Humphrey, Brendan O’Dwyer & Jeffrey Unerman | ||
| 260 | _bAccounting and Business Research | ||
| 260 | _c2017 | ||
| 300 | _a47:1, pages 30-63 | ||
| 650 | _xAccountancy | ||
| 650 | _xAccounting | ||
| 999 |
_c316082 _d316082 |
||